Espíritu y naturaleza
Saved in:
| Hovedforfatter: | |
|---|---|
| Format: | Bog |
| Sprog: | spansk |
| Udgivet: |
Buenos Aires
Amorrortu
1980
|
| Serier: | Biblioteca de antropología y religión
|
| Fag: | |
| Tags: |
Tilføj Tag
Ingen Tags, Vær først til at tagge denne postø!
|
MARC
| LEADER | 00000nam a2200000 a 4500 | ||
|---|---|---|---|
| 001 | UCW4882 | ||
| 003 | CL-VaPUC | ||
| 008 | 900904e19800000AG |||||||||||||||||spa|d | ||
| 082 | 0 | 4 | |a 121 |b BAT |2 21 |
| 100 | 0 | |a Bateson, Gregory |e author |9 309694 | |
| 245 | 1 | 0 | |a Espíritu y naturaleza |
| 300 | |a 204 p | ||
| 942 | |c BK | ||
| 945 | |d 19900904 00:00:00 | ||
| 260 | |a Buenos Aires |b Amorrortu |c 1980 | ||
| 650 | 0 | |a Filosofía de la naturaleza |9 265899 | |
| 650 | 0 | |a Cosmología |9 269138 | |
| 650 | 0 | |a Teoría del conocimiento |9 255038 | |
| 583 | |a last modification |c 19900904 00:00:00 |k Rodrigo Vera | ||
| 490 | 0 | |a Biblioteca de antropología y religión | |
| 999 | |c 218468 |d 218466 | ||
| 952 | |0 0 |1 0 |4 0 |6 121_000000000000000_BAT_1980 |7 0 |8 A |9 208095 |a BIBEDU |b BIBEDU |c ES_NOD |d 2019-11-15 |i 2759705 |o 121 BAT 1980 |p 2759705 |r 2023-08-09 |w 2019-11-15 |y BK |k EDU | ||
| 952 | |0 0 |1 0 |4 0 |6 121_000000000000000_BAT_1980 |7 0 |8 A |9 208096 |a BIBEDU |b BIBEDU |c ES_NOD |d 2019-11-15 |i 2759713 |o 121 BAT 1980 |p 2759713 |r 2023-08-09 |w 2019-11-15 |y BK |k EDU | ||
| 952 | |0 0 |1 0 |4 0 |6 121_000000000000000_BAT_1980 |7 0 |8 A |9 208097 |a BIBEDU |b BIBEDU |d 2019-11-15 |i 3259765 |o 121 BAT 1980 |p 3259765 |r 2019-11-15 |w 2019-11-15 |y BK |k FIL | ||